[Event "Dragons-Rooks"]
[Site "?"]
[Date "1998.11.??"]
[Round "?"]
[White "Altshuller, D"]
[Black "Baurac, D"]
[Result "1-0"]
[WhiteElo "1804"]
[BlackElo "1708"]
[PlyCount "63"]
[EventDate "1998.??.??"]

1. e4 c6 2. d4 d5 3. exd5 cxd5 4. c4 4... Nf6 { } 5. c5 Nc6 6. Bb5 a6 7. Bxc6+
bxc6 8. Nc3 { } 8... g6 {Qc7 would stop Bf4 and begin preparing ..e5,
counterattacking White's advanced center.} (8... Qc7 9. Nf3 g6 (9... Bg4 10. h3
10... Bh5 { but Black's development lags.}) 10. Ne5 10... Bg7 { } 11. Bf4 $2 (
11. Qa4) (11. O-O) 11... Nh5 $1 12. Nxf7 $4 12... Nxf4 13. Nxh8 Nxg2+ 14. Kf1
Bh3) 9. Bf4 Bg7 10. Be5 O-O 11. Nge2 { } 11... Bh6 12. Bf4 Bg7 13. Qd2 Re8 14.
Be5 { } 14... a5 15. Ng3 Ba6 16. O-O-O {
White's grip on dark squares is annoying, so..} 16... Nd7 17. Bxg7 Kxg7 18. h4
{ } 18... e5 {the normal counterattack, but Black's King is already too exposed
} 19. h5 exd4 20. hxg6 20... hxg6 { } 21. Qh6+ 21... Kf6 { } 22. Nh5+ $2 (22.
Qf4+ Kg7 (22... Ke7 23. Qd6#) 23. Rh7+ $3 { } 23... Kxh7 24. Qxf7+ Kh6 (24...
Kh8 25. Rh1+ {mates}) 25. Rh1+ { } 25... Kg5 (25... Qh4 26. Rxh4+ Kg5 27. Qf4#)
26. f4+ Kg4 27. Qxg6+ { }) 22... Ke7 {
White has both Knights hanging, but the Black King is close to mate} 23. Nxd5+
$3 (23. Rhe1+ Ne5 24. Rxe5+ Kd7 25. Rxe8 Kxe8 (25... Qxe8 $4 26. Nf6+) 26. Ng7+
{ White is a piece ahead; the game line wins Queen}) 23... cxd5 24. Rhe1+ Ne5
25. Rxe5+ { } 25... Kd7 26. Rxd5+ Kc6 27. Rxd8 27... Raxd8 { } 28. Nf6 Re2 29.
Qf4 d3 30. Ne4 { } 30... Re8 31. Qd6+ Kb7 32. Qb6+ 1-0

[Event "Sears-Northrup"]
[Site "?"]
[Date "1998.??.12"]
[Round "?"]
[White "Miller, Tom"]
[Black "Minin, Serge"]
[Result "0-1"]
[WhiteElo "1837"]
[BlackElo "2119"]
[PlyCount "78"]
[EventDate "1998.??.??"]

1. c4 g6 2. Nc3 Bg7 3. g3 c6 4. Bg2 e5 5. e4 d6 6. Nge2 f5 7. d3 { } 7... Ne7
8. O-O Nd7 9. Be3 Nf6 10. Qd2 { } 10... Ng4 11. Rad1 O-O 12. h3 Nxe3 13. Qxe3
13... Be6 { } 14. b3 d5 15. exd5 15... cxd5 { } 16. Nf4 d4 17. Nxe6 dxe3 18.
Nxd8 exf2+ 19. Rxf2 Raxd8 20. Bxb7 { White is up a Pawn, but watch Black get
the maximum out of what's *ON* the board. White would like to advance his
Qside, but must take time out to get B & N to safety.} 20... Rd7 (20... e4 21.
Nd5) 21. Bd5+ Kh8 22. Rc2 { } 22... f4 23. gxf4 exf4 24. Be4 Bd4+ 25. Kf1 25...
Nf5 { Black's active pieces keep White's passers at bay so...} 26. Bxf5 Rxf5
27. Nd5 f3 28. Re1 28... Rg5 { suddenly threatening Rg1#} 29. Rf2 Bxf2 30. Kxf2
30... Rf7 { } 31. Re8+ Kg7 32. Re7 { } 32... Rg2+ $1 {
chasing King away while Rf7 still protects Pawn} 33. Kf1 Rxa2 34. Rxf7+ Kxf7
35. b4 { but now White's pawns are easily blocked} 35... Ke6 36. Nc3 Rb2 37. b5
{ } 37... Rb3 38. Ne4 Ke5 39. Nd2 Rxd3 0-1

[Event "Northrup-Sears"]
[Site "?"]
[Date "1998.11.12"]
[Round "?"]
[White "Walker, Arnie"]
[Black "Sims, Larry"]
[Result "0-1"]
[WhiteElo "1719"]
[BlackElo "1804"]
[PlyCount "94"]
[EventDate "1998.??.??"]

1. Nf3 Nf6 2. c4 d5 3. g3 c6 4. Bg2 4... Bf5 { } 5. Nh4 $2 5... Be4 6. f3 Bxb1
7. Rxb1 e6 8. f4 { providing the wayward Nh4 a home} 8... Nbd7 9. cxd5 exd5 10.
b4 a6 11. a3 11... Be7 { } 12. Nf5 O-O 13. Bb2 Re8 14. Nxe7+ 14... Qxe7 {
Black development is several tempi up} 15. e3 Nb6 16. O-O Rad8 17. Re1 {
White has the Bishop pair, but...} 17... Nc4 18. Bc1 Qc7 19. d3 Nd6 20. h3 Re7
21. Rb2 Rde8 22. Rbe2 { } 22... a5 23. Bb2 axb4 24. axb4 Nf5 25. Kf2 Qb6 26.
Qd2 { } 26... h5 27. Bxf6 gxf6 28. g4 hxg4 29. hxg4 { } 29... Nh4 30. Bh1 30...
Ng6 {threat: Nxf4} 31. Kg3 31... Kg7 { } 32. d4 (32. e4 {
this wasn't possible before Kg3}) 32... Qc7 33. e4 dxe4 34. Rxe4 {
White has traded away e3 weakness, but the other pawns are now problems} 34...
Ra8 35. Qe3 Rxe4 36. Bxe4 36... Qd6 { } 37. Bxg6 Kxg6 38. Qe4+ Kg7 39. Rh1
39... Rh8 { } 40. Rxh8 Kxh8 41. g5 (41. b5 $3 41... cxb5 42. Qe8+ Kg7 43. Qxb5
Qxd4 44. Qxb7) 41... fxg5 { } 42. Qe5+ {blundering Pawn and game} 42... Qxe5
43. fxe5 Kg7 44. Kg4 44... Kg6 { } 45. b5 45... f5+ $3 {
assuring King can reach d-pawn after cb} 46. Kf3 (46. exf6 46... cxb5 { } 47.
f7 (47. d5 Kxf6) 47... Kxf7 48. Kxg5 Ke6 49. Kf4 Kd5 50. Ke3 { } 50... b4 51.
Kd3 b5 52. Ke3 b3 53. Kd3 b4) 46... Kf7 { } 47. d5 cxd5 0-1

[Event "UOP-Motorola"]
[Site "?"]
[Date "1998.11.19"]
[Round "?"]
[White "Stevanovic, Mike"]
[Black "Wolf, D"]
[Result "0-1"]
[WhiteElo "2216"]
[BlackElo "2325"]
[PlyCount "72"]
[EventDate "1998.??.??"]

1. f4 d5 2. Nf3 g6 3. d3 Bg7 4. g3 c6 5. c3 Nh6 6. Bg2 Qb6 7. e3 O-O 8. O-O Bg4
9. h3 Bxf3 10. Qxf3 Nd7 11. g4 f5 12. g5 Nf7 13. Na3 e5 14. Kh1 Nd6 15. Qf2
Rae8 16. Qc2 Rf7 17. Bd2 Rfe7 18. Rae1 exf4 19. exf4 Nc5 20. b4 Ne6 21. Nb1 Nc7
22. Rxe7 Rxe7 23. Re1 Rxe1+ 24. Bxe1 Ne6 25. Qc1 Kf7 26. Na3 a5 27. bxa5 Qxa5
28. Bd2 Qa4 29. c4 dxc4 30. dxc4 Nc5 31. Bc3 Bxc3 32. Qxc3 Nce4 33. Bxe4 Nxe4
34. Qb3 Nc5 35. Qf3 Qb4 36. Qe3 36... Ne4 {White flagged} 0-1

[Event "Motorola-UOP"]
[Site "?"]
[Date "1998.11.19"]
[Round "?"]
[White "Hasan, Y"]
[Black "Buerger, Ed"]
[Result "1/2-1/2"]
[WhiteElo "2188"]
[BlackElo "2019"]
[PlyCount "59"]
[EventDate "1998.??.??"]

1. e4 c5 2. Nf3 Nc6 3. d4 cxd4 4. Nxd4 g6 5. Be2 Bg7 6. Be3 Nf6 7. Nc3 O-O 8.
O-O { } 8... b6 9. f4 Bb7 10. e5 Ne8 11. Bf3 { } 11... Qc8 12. Nd5 {
threatening Nc6, then Ne7+ forking} 12... Qd8 13. Re1 13... Nc7 { } 14. c4 Nxd4
15. Bxd4 Nxd5 16. cxd5 {
White's center looks strong, but Black can easily attack it} 16... d6 17. e6 (
17. exd6 Bxd4+ 18. Qxd4 Qxd6 19. Qe5 Rfe8 20. Rac1 Rad8 21. Qxd6 Rxd6 22. Rc7
Bxd5 23. Bxd5 Rxd5 24. Rxa7) 17... fxe6 18. Bxg7 Kxg7 19. Qd4+ Kg8 20. Rxe6 { }
20... Rc8 21. Rae1 Rf7 22. Bg4 22... Rc7 { } 23. f5 gxf5 24. Bxf5 24... Qf8 {
if RxB?? Qg4+ wins R} 25. Rf1 25... Qg7 { } 26. Qd3 Qxb2 27. Bxh7+ Rxh7 28.
Qg6+ { } 28... Rg7 29. Qe8+ Kh7 30. Qh5+ 1/2-1/2

[Event "Motorola-UOP"]
[Site "?"]
[Date "1998.11.19"]
[Round "?"]
[White "Wallach, Cliff"]
[Black "Sajbel, Pat"]
[Result "1-0"]
[WhiteElo "2045"]
[BlackElo "1823"]
[PlyCount "71"]
[EventDate "1998.??.??"]

1. e4 c5 2. Nf3 Nc6 3. d4 cxd4 4. Nxd4 d6 5. c4 g6 6. Nc3 Bg7 7. Be3 Nf6 8. Be2
a6 9. O-O 9... O-O { one of my favorite positions for White} 10. Qd2 {
I usually play f3 to stop Black's Ng4 and strengthen Pe4. Black usually works
on getting -b5 or -d5 in.} 10... Ng4 11. Bxg4 Bxg4 12. Nd5 Bd7 13. Rfd1 Rc8 14.
Rac1 { } 14... Ne5 {-e6 kicks Nd5, but then Pd6 is a problem to protect. Key
is White's hold on the d5 square.} 15. b3 Ng4 16. Bg5 f6 17. Be3 17... f5 {
Starting work against d5 support} 18. exf5 { } 18... Bxf5 (18... gxf5 {
threatens e5 to kick Nd4 & then f4 traps Be3} 19. Bg5 Nf6 20. Nxf6+ Bxf6 21.
Bh6 21... Re8 { planning some combination of e5, Kh8, Rg8, etc.}) 19. Bg5 Nf6
20. Nxf5 gxf5 21. Nxf6+ 21... Bxf6 { Comparing this with previous 18. -gf
analysis, we see Black is a little loose without Bd7 and White has quick
access to d5 since Nd4 is gone.} 22. Qd5+ Kh8 23. Bh6 23... Rg8 { } 24. Qxf5
Rg6 25. Be3 { } 25... e5 {but Queen is overworked protecting d6 & Rc8} 26. Rxd6
Qg8 27. g3 27... Rf8 { } 28. Qe4 Qg7 29. Rcd1 h5 30. Rd7 30... Qg8 { } 31. Qf5
Rf7 32. Rxf7 Qxf7 33. Rd7 { } 33... Qe8 34. Qxh5+ Kg8 35. Qh7+ Kf8 36. Bc5+ 1-0

[Event "UOP-Motorola"]
[Site "?"]
[Date "1998.11.19"]
[Round "?"]
[White "Boldingh, E"]
[Black "Samelson, C"]
[Result "1-0"]
[WhiteElo "1838"]
[BlackElo "1950"]
[PlyCount "81"]
[EventDate "1998.??.??"]

1. e4 e6 2. d4 d5 3. e5 c5 4. c3 Nc6 5. Nf3 Nge7 6. Bd3 { } 6... cxd4 7. cxd4
Bd7 8. Nc3 8... Qb6 { } 9. O-O Nxd4 10. Nxd4 Qxd4 11. Nb5 Qxe5 12. Re1 12...
Qb8 { Black has snagged 2Ps, but his development lags.} 13. Qf3 Bxb5 14. Bxb5+
14... Nc6 { } 15. Qxd5 $1 15... Qd6 16. Qf3 Be7 17. Bf4 17... Qc5 { } 18. Re5
$1 {another tactic based on uncastled King} 18... Qb6 19. Ba4 { } 19... Kf8 {
apparently Black judges his King isn't secure after 0-0} (19... O-O 20. Bxc6 (
20. Rh5 Qxb2 21. Rd1) (20. Re2) 20... Qxb2 21. Rc1 bxc6 22. Re2) 20. Bxc6 Qxc6
21. Qxc6 bxc6 22. Ra5 f6 23. Rc1 {
and White's active pieces win back the other pawn down} 23... c5 24. Be3 Kf7
25. Bxc5 Bxc5 26. Raxc5 {
White's advantage is clear in active Rooks and a 2:1 Qside majority} 26... Rhe8
27. Rc7+ Kf8 28. Kf1 Re7 29. Ke2 Rae8 30. b4 { } 30... Rxc7 31. Rxc7 Re7 32.
Rxe7 32... Kxe7 { } 33. Kd3 33... Kd6 {the 4-3 majority is too slow producing
a passer. White's outside pawns always divert Black's King.} (33... g5 34. Kc4
Kd6 35. Kb5 (35. a4 a6 36. b5 axb5+ 37. axb5 f5 38. g3 e5 39. b6 f4 40. g4 e4
41. Kd4 Kc6 42. Kxe4 Kxb6 43. Kf5 h6 44. Kg6 Kc6 45. Kxh6 Kd6 46. Kxg5 Ke5 47.
h4) 35... Kc7 36. Ka6 Kb8 37. g3 { } 37... h5 (37... f5 38. f4 gxf4 39. gxf4)
38. a4 (38. f4 gxf4 39. gxf4 e5 40. fxe5 fxe5 41. Kb5) 38... f5 39. Kb5 Kc7 40.
Kc5 { } 40... Kd7 (40... h4 41. gxh4 gxh4 42. f4) (40... f4 41. b5 e5 42. a5 e4
43. gxf4 (43. Kd4 e3 44. Kd3 (44. fxe3 $4 44... f3 45. Kd3 g4 46. e4 Kd6 47.
e5+ (47. b6 axb6 48. axb6 Kc6 49. e5 Kxb6 50. e6 Kc7 51. Ke3) 47... Kxe5 48. b6
axb6 49. axb6 Kd6) 44... fxg3 45. fxg3 Kd6 46. b6 axb6 47. axb6 Kc6 48. Kxe3
Kxb6 49. Ke4 Kc6 50. Kf5 Kd6 51. Kxg5) 43... gxf4 44. Kd4 e3 45. fxe3 f3 46.
Kd3 h4 47. e4 h3 48. Ke3) (40... g4 41. b5 e5 42. Kd5 f4 43. a5 (43. Kxe5 fxg3
44. fxg3 Kb6 45. Kf4 Ka5 46. Kg5 Kxa4 47. Kxh5 Kxb5 48. Kxg4 a5 49. h4)) 41. b5
f4 42. Kd4 Kd6) 34. Kc4 a6 (34... e5 35. Kb5 Kc7 36. Ka6 Kb8 37. h4 f5 38. g3)
35. b5 { } 35... a5 36. a4 g6 37. g4 h6 38. Kd4 h5 39. gxh5 gxh5 40. Ke4 f5+
41. Kf4 { Blacks King has to stay in range of Pb5 and his Pawns will soon run
out of moves} 1-0

[Event "Motorola-UOP"]
[Site "?"]
[Date "1998.11.19"]
[Round "?"]
[White "Smith, Jason"]
[Black "Lechnick, Jay"]
[Result "1/2-1/2"]
[WhiteElo "1702"]
[BlackElo "1783"]
[PlyCount "104"]
[EventDate "1998.??.??"]

1. d4 d5 2. c4 e6 3. Nc3 Nf6 4. cxd5 Nxd5 5. e4 Nxc3 6. bxc3 6... c5 { } 7. Nf3
cxd4 8. cxd4 Bb4+ 9. Bd2 Bxd2+ 10. Qxd2 10... O-O { } 11. Be2 b6 12. O-O Bb7
13. Qf4 Nc6 14. Rfd1 Ne7 15. Rac1 { } 15... Ng6 16. Qe3 Rc8 17. Bc4 Re8 18. Nd2
h6 19. f3 { } 19... Qf6 20. e5 Qf4 21. Qxf4 Nxf4 22. Ne4 Bxe4 23. fxe4 {
White center Pawns are promising, but need support to advance} 23... Rc7 {
preparing Rec8, winning piece, so White moves Bishop now. But this allows a
trade of Rooks and makes White's center harder todefend} 24. Ba6 (24. d5 {
almost works} 24... Rec8 (24... exd5 25. exd5 Rxe5 26. d6 Rc8 27. d7 27... Rd8
{ } 28. g3 (28. Bxf7+ Kxf7 29. Rf1 Rf5 30. g3 Ne2+) (28. Bb3 $4 {with idea Rc8}
28... Ne2+)) 25. d6 25... Ne2+ { } 26. Kf2 (26. Bxe2 Rxc1 27. d7 Rxd1+ 28. Bxd1
Rd8 29. Ba4) 26... Nxc1 27. dxc7 Rxc7 28. Rxc1 b5) 24... Rxc1 25. Rxc1 25...
Re7 { threatening Rc7 or Rd7.} (25... Rd8 26. Rd1 (26. Rc8 $2 26... Rxc8 27.
Bxc8 Ne2+) (26. Rc4 $2 26... Ne2+) 26... Ng6 {threatening Ne5} 27. Be2 Rc8) 26.
Rd1 g5 27. g3 Ng6 28. Kf2 Rc7 29. Rd2 { } 29... Kf8 30. Bd3 {
the B isn't helping much, Black needs to activate N} 30... Ne7 31. Rc2 Rxc2+ (
31... Rd7 32. Ke3) 32. Bxc2 Nc6 33. Ke3 { } 33... Ke7 (33... b5 34. Bd1 a5 35.
Be2 b4 36. Bb5 Nb8 37. d5 exd5 38. exd5 Ke7) 34. Ba4 Nb4 35. a3 Na6 36. Kd3
36... Nc7 { } 37. Kc4 (37. Bc6 f6 (37... b5 38. d5 exd5 39. exd5 {
with idea d6, kicking/forking N}) (37... a6 38. d5 exd5 39. exd5 Kf8 40. Ke4)
38. exf6+ Kxf6 39. e5+ 39... Ke7 { } 40. h4 gxh4 41. gxh4 b5) 37... f6 (37...
a6 38. Bc6) 38. exf6+ Kxf6 39. Bc6 39... Ke7 { } 40. Kd3 {
40 e5 is similar as last note (37. Bc6 f6)} 40... Kd6 41. Ba4 Ke7 42. Ke3 Kf6
43. Kf3 43... Kg6 { } 44. Bd7 (44. Bb3 44... Nb5 {
hitting Pa3, Pd4, & forking Nd4+} 45. Ke3 { } 45... Kf6 (45... Nxa3 46. Bxe6 {
and White's pawns quickly advance}) 46. a4 Nc7 47. e5+ Ke7 (47... Kf5 48. h3
Kg6) 48. Ke4 { } 48... b5 49. axb5 Nxb5 50. d5 50... exd5+ { } 51. Kxd5 (51.
Bxd5 $4 51... Nc3+ 52. Kd4 Nxd5 53. Kxd5 53... h5 {
and Black a-pawn diverts White King})) 44... Kf6 45. Kg4 Kg6 46. Kf3 Kf6 47.
e5+ 47... Kf5 { } 48. g4+ Kg6 49. Bc6 Kf7 50. Ke4 { } 50... b5 51. Kd3 a5 52.
Ke4 Ke7 1/2-1/2

[Event "UOP-Motorola"]
[Site "?"]
[Date "1998.11.19"]
[Round "?"]
[White "Plett, Mike"]
[Black "Balicki, Jeff"]
[Result "1-0"]
[WhiteElo "1773"]
[BlackElo "1608"]
[PlyCount "103"]
[EventDate "1998.??.??"]

1. d4 f5 2. g3 e6 3. Bg2 Nf6 4. c4 d5 5. Nf3 Nc6 6. O-O 6... Be7 { } 7. Qc2 {
As the games shows, it's too early to place the Queen. I like to prepare e4
(usually with f3 after Nf3 moves), taking advantage of the slowness of Black's
Queenside development.} 7... O-O 8. e3 {
Blocks Bs access to best post at f4 or g5} 8... Nb4 9. Qb3 c6 10. a3 10... Na6
{ } 11. Nc3 Qe8 12. Ne2 {
This Knight's moves seem slow, but does end up at its best post.} 12... Nb8 13.
Nf4 Ne4 14. Ne5 g5 15. Nfd3 { } 15... Nd7 (15... b6 {
allows B into game and White doesnt have any readily useful moves} 16. Qc2 Nd7
17. Nxd7 Bxd7 18. Ne5 18... Rd8 { and Black can pursue his Kside attack}) 16.
Nxd7 Qxd7 17. Ne5 { } 17... Qc7 {
The Queen should stay Kside to help attack. Qe8-h5} 18. f3 Nd6 19. Qc3 19...
Bf6 { } 20. cxd5 Bxe5 21. dxe5 Nb5 22. Qb3 { } 22... cxd5 $2 (22... exd5 $2 23.
a4 {wins N}) (22... Qxe5) 23. Qxb5 Qxe5 24. Qd3 24... Bd7 {
White needs to finish development.} 25. f4 $1 {
Not to attack Queen, but to assure hold on e5 with upcoming position of Bc3} (
25. Bd2 Qd6 (25... Qxb2 26. Bc3 Qb6 27. Rab1 {with idea of getting Qd4 in}) 26.
Bc3 26... e5 {
Black's a piece down, but Bg2 will take some time to get into play.}) 25... Qf6
26. Bd2 Rfd8 27. Bc3 Qe7 28. Qd4 { } 28... e5 {
White is positioned to take advantage of this} 29. Qxd5+ Qe6 30. Qxe5 Qxe5 31.
Bxe5 31... Bc6 { and White can simply trade down to easy ending} 32. Rad1 Re8
33. Rd6 Rac8 34. Bxc6 bxc6 35. Rfd1 Re7 36. Rd8+ Rxd8 37. Rxd8+ Kf7 38. Rd6 Re6
39. Rd7+ Re7 40. Rxe7+ Kxe7 41. Kf2 Ke6 42. Ke2 Kd5 43. Kd3 g4 44. b3 h6 45.
Bg7 h5 46. Bf8 c5 47. a4 a6 48. Be7 Ke6 49. Bd8 Kd5 50. Ba5 Kc6 51. Kc4 Kd6 52.
Bb6 1-0

[Event "UOP-Motorola"]
[Site "?"]
[Date "1998.11.19"]
[Round "?"]
[White "Van Zile, Charlie"]
[Black "Thomson. Jim"]
[Result "0-1"]
[WhiteElo "1358"]
[BlackElo "1480"]
[PlyCount "118"]
[EventDate "1998.??.??"]

1. e4 c5 2. Nf3 d6 3. d4 cxd4 4. Nxd4 Nf6 5. Nc3 a6 6. Be2 e5 7. Nf3 Be7 8. O-O
O-O 9. Qd3 Nbd7 10. b4 b5 11. Nh4 Nb6 12. Qg3 Nxe4 13. Nxe4 Bxh4 14. Qf3 Qc7
15. c3 Bb7 16. Qg4 Bxe4 17. Qxe4 Be7 18. Qf3 Rad8 19. Bb2 Bf6 20. Rac1 Rfe8 21.
Bd3 d5 22. Qg3 Nc4 23. Bxc4 Qxc4 24. a3 Re6 25. Rfd1 Bh4 26. Qd3 Rf6 27. g3 Bg5
28. Qxc4 bxc4 29. Rc2 Rfd6 30. a4 Bf6 31. Bc1 Kf8 32. Be3 d4 33. cxd4 exd4 34.
Bf4 Rc6 35. Bc1 d3 36. Ra2 c3 37. Ba3 Kg8 38. b5 axb5 39. axb5 Rb6 40. Bc1 Rxb5
41. Kf1 Rb1 42. Re1 d2 43. Bxd2 cxd2 44. Rxb1 d1=Q+ 45. Rxd1 Rxd1+ 46. Ke2 Rd8
47. Rd2 Rxd2+ 48. Kxd2 Kf8 49. f3 Ke7 50. Ke3 Be5 51. Kf2 Kf6 52. h3 Kf5 53.
Kg2 g5 54. Kf2 h5 55. Kg2 Bd6 56. g4+ hxg4 57. hxg4+ Kf4 58. Kf2 Bc5+ 59. Ke2
Bb6 0-1

[Event "Motorola-UOP"]
[Site "?"]
[Date "1998.11.19"]
[Round "?"]
[White "Gryparis, John"]
[Black "Schoonover, Mike"]
[Result "1-0"]
[WhiteElo "1435"]
[BlackElo "1332"]
[PlyCount "79"]
[EventDate "1998.??.??"]

1. e4 c6 2. Nc3 e6 3. a3 Nf6 4. d3 4... d5 { } 5. e5 Nfd7 6. d4 6... c5 {
Tranposing to an Advanced French with White inserting the insignificant a3} 7.
Bb5 Be7 8. Nge2 Qc7 9. Bf4 9... O-O { } 10. Bxd7 Nxd7 11. O-O 11... a6 { } 12.
Be3 {loses a P due to the weakening of Pe5} 12... cxd4 13. Qxd4 Nxe5 14. Bf4 { 
} 14... Bd6 15. Na4 Nc6 16. Bxd6 16... Qxd6 { } 17. Qb6 {White tries to
pressure Qside, but Black shows threats to b-pawn are an illusion. Meanwhile,
Black has a strong center} 17... e5 {Hindsight reveals that allowing White Qb6/
Nc5 is a pain (although not deadly). The immediate 17...Ne5 , idea Nc4/Nd7
stops this before it starts.} 18. Rad1 18... Bf5 { } 19. Rd2 (19. Qxb7 $4 19...
Rfb8 {traps Q}) 19... Rac8 20. Rfd1 (20. Qxb7 $2 {The b-pawn is still poison}
20... Rb8 21. Qxa6 21... Ra8 { } 22. Qb5 (22. Qb6 Rxa4) 22... Rfb8 23. Qc5 Qxc5
24. Nxc5 24... Rxb2 { }) 20... Be6 { } 21. b4 Qe7 22. Nc5 { } 22... Qf6 (22...
Rc7 23. c3 (23. Nxe6 fxe6) 23... Rfc8 {
idea Nb8-d7 forking Q and N and Black takes over}) 23. Qxb7 Rfd8 24. Qxa6 24...
Rd6 { Moving to an unprotected square, so..} 25. Ne4 dxe4 26. Rxd6 Nd4 27. Nxd4
exd4 28. R6xd4 { and White won} 28... h6 29. Qa4 Kh7 30. b5 Bg4 31. Re1 Rxc2
32. Qxc2 Qxd4 33. Qxe4+ Qxe4 34. Rxe4 Bf5 35. Re3 Bd7 36. b6 Bc6 37. Re7 f5 38.
b7 Bxb7 39. Rxb7 Kg6 40. a4 1-0

[Event "Reader-LBURN"]
[Site "?"]
[Date "1998.11.23"]
[Round "?"]
[White "Jim Atkinson"]
[Black "Elise Gates"]
[Result "1/2-1/2"]
[WhiteElo "1877"]
[BlackElo "1819"]
[PlyCount "59"]
[EventDate "1998.??.??"]

1. e4 c5 2. Ne2 d6 3. Nbc3 Nf6 4. g3 g6 5. Bg2 Bg7 6. O-O O-O 7. d4 cxd4 8.
Nxd4 Nbd7 9. Be3 a6 10. Qd2 Ng4 11. f4 Nxe3 12. Qxe3 Qb6 13. Rad1 e6 14. Kh1
Rb8 15. Qd2 Qxb2 16. Rb1 Qa3 17. Rb3 Qc5 18. Nce2 Qh5 19. Nf3 Nc5 20. Qxd6 Nxb3
21. Qxb8 Nc5 22. e5 Bd7 23. Qd6 Rc8 24. Nfd4 Bf8 25. Qb6 Be7 26. Bf3 Qh6 27.
Kg2 Bd8 28. Qb1 Qf8 29. Rd1 Qe7 30. Nb3 1/2-1/2

[Event "Reader-LBURN"]
[Site "?"]
[Date "1998.11.23"]
[Round "?"]
[White "Carl Sullivan"]
[Black "Jim Duffy"]
[Result "1-0"]
[WhiteElo "1389"]
[BlackElo "1709"]
[PlyCount "97"]
[EventDate "1998.??.??"]

1. e4 d5 2. Nc3 dxe4 3. Nxe4 Bf5 4. Ng3 Bg6 5. Bc4 Nf6 6. Nf3 e6 7. d3 Be7 8.
Ne5 O-O 9. h4 Nbd7 10. Nf3 Nh5 11. Be3 Nxg3 12. fxg3 Bh5 13. Qd2 Nf6 14. O-O-O
Bd6 15. Qe1 Ng4 16. Bg5 Be7 17. Bd2 c6 18. Bc3 Bf6 19. d4 Qc7 20. Bd3 Be7 21.
Rd2 Nf6 22. Ne5 Ng4 23. Re2 Nxe5 24. Rxe5 Bg6 25. Bxg6 hxg6 26. g4 Bf6 27. Re4
g5 28. hxg5 Bxg5+ 29. Kb1 g6 30. d5 f6 31. dxe6 Rfe8 32. Qf1 Qe7 33. Qf3 Rad8
34. Qh3 Qg7 35. e7 Rd7 36. Bb4 b6 37. Qb3+ Qf7 38. Qh3 Qg7 39. a3 c5 40. Bc3
Rdxe7 41. Rxe7 Rxe7 42. Qf3 Qf8 43. Qh3 Qg7 44. Qd3 Rd7 45. Qe4 Kf7 46. Rf1 Kg8
47. Qe8+ Kh7 48. Rh1+ Bh6 49. g5 1-0

[Event "Royals-Rooks"]
[Site "?"]
[Date "1998.10.08"]
[Round "?"]
[White "Guio, J"]
[Black "Benedek, R"]
[Result "1/2-1/2"]
[WhiteElo "1976"]
[BlackElo "2164"]
[PlyCount "101"]
[EventDate "1998.??.??"]

1. e4 c5 2. Nf3 e6 3. d4 cxd4 4. Nxd4 Nf6 5. Bd3 Nc6 6. Nf3 d6 7. O-O Be7 8. c3
O-O 9. Re1 b6 10. Qa4 Bd7 11. Bb5 Qc7 12. Na3 a6 13. Be2 b5 14. Qc2 Rac8 15.
Bd3 Rfd8 16. Bg5 h6 17. Bh4 e5 18. Bxf6 Bxf6 19. Rad1 Be6 20. Qb1 Ne7 21. Rd2
Kh8 22. Red1 d5 23. Nc2 dxe4 24. Bxe4 Rxd2 25. Rxd2 Rd8 26. Qd1 Rxd2 27. Qxd2
Qc4 28. Bd3 Qxa2 29. Ne3 Nd5 30. h3 Nxe3 31. Qxe3 Qd5 32. Bc2 Qd6 33. Qe4 Kg8
34. Qe2 Bc4 35. Qe3 Be6 36. Qe2 Bc8 37. Bd3 Bb7 38. Be4 Bxe4 39. Qxe4 Qd1+ 40.
Kh2 Qd6 41. g3 Qb6 42. Kg2 Qd6 43. h4 h5 44. Kh2 Qb6 45. Kg2 Qe6 46. Ne1 Qb3
47. Nd3 Qc2 48. Qe3 a5 49. Kf3 a4 50. Qe2 e4+ 51. Qxe4 1/2-1/2

[Event "Rooks-Royals"]
[Site "?"]
[Date "1998.10.08"]
[Round "?"]
[White "Kabelac, J"]
[Black "Dobrovolny, C"]
[Result "1-0"]
[WhiteElo "1999"]
[BlackElo "1757"]
[PlyCount "61"]
[EventDate "1998.??.??"]

1. d4 Nf6 2. c4 g6 3. Nc3 d5 4. Nf3 Bg7 5. Qb3 dxc4 6. Qxc4 O-O 7. e4 Nbd7 8.
e5 Nb6 9. Qb3 Nfd5 10. Be2 Nxc3 11. bxc3 c6 12. O-O Qc7 13. a4 a5 14. c4 Bg4
15. Rb1 Ra6 16. h3 Bf5 17. Rb2 Rb8 18. c5 Nxa4 19. Qxa4 b5 20. cxb6 Raxb6 21.
Rxb6 Qxb6 22. Be3 Qb2 23. Bc4 Qb4 24. Ra1 Qc3 25. Bd2 Qb2 26. Qxa5 Be4 27. Bc3
Qb7 28. Bxf7+ Kh8 29. Ng5 Bf5 30. g4 Bc8 31. Qd8+ 1-0

[Event "Royals-Rooks"]
[Site "?"]
[Date "1998.10.08"]
[Round "?"]
[White "Kestner, M"]
[Black "Hill, B"]
[Result "0-1"]
[WhiteElo "1497"]
[BlackElo "1919"]
[PlyCount "100"]
[EventDate "1998.??.??"]

1. e4 c5 2. c3 d5 3. exd5 Qxd5 4. d4 Bf5 5. Nf3 e6 6. Be2 Nf6 7. O-O Nc6 8. Be3
Ng4 9. dxc5 Nxe3 10. fxe3 Qxc5 11. Nd4 Bg6 12. Kh1 Rd8 13. Qb3 e5 14. Nxc6 bxc6
15. e4 Be7 16. Qc2 O-O 17. Nd2 Bg5 18. Nf3 Qe3 19. Nxg5 Rd2 20. Qc1 Qxe2 21.
Rg1 Rxb2 22. Qf1 Qxf1 23. Rgxf1 h6 24. Nf3 Bxe4 25. Rfe1 Bxf3 26. gxf3 f6 27.
Red1 Rfb8 28. Rd7 Rb1+ 29. Rd1 Rxa1 30. Rxa1 Rb2 31. Rd1 Rxa2 32. Rd6 Rf2 33.
Rd3 a5 34. c4 Rc2 35. Ra3 Rxc4 36. Rxa5 Rc2 37. Ra4 Rf2 38. Ra3 c5 39. Kg1 Rd2
40. Ra4 Rd4 41. Ra8+ Kh7 42. Rc8 c4 43. Kg2 g5 44. Kg3 h5 45. h3 Kg6 46. Rg8+
Kf5 47. Rc8 h4+ 48. Kf2 Kf4 49. Kg2 Rd2+ 50. Kg1 Kg3 0-1